000
00353nam a2200157Ia 4500
008
221030s9999 xx 000 0 und d
020
_a
0140050337
041
_a
English
082
_a
105.23
_b
Wod
100
_a
P. G. Wodehouse
245
2
_a
A Pelican at Blandings
260
_b
Penguin books
_c
1969
300
_a
205
650
_a
General
942
_c
BK
999
_c
276
_d
276